00667nam a2200229 a 450000100060000000300080000600500170001400800410003102000150007203500190008704000260010604100080013208200270014010000250016724500760019225000220026826000440029030000270033450000190036165000340038070000230041461753BD-RjUL20211209081010.0170121r1982 enk||||| |||| 001 0 eng d a0712117539 a(BD-RjUL)61877 aBD-RjULbengcBD-RjUL aeng 223a658.1511bBRM 1982 a Brown, J. Lewis aManagerial accounting and finance /c J. Lewis Brown; Leslie R. Howard a4th. E.L.B.S. ed. aLondon :b Macdonald and Evans,cc1982. aviii, 878 p. ;c21 cm. aIncludes index a Managerial accounting aHoward, Leslie R.